000 01435nam a22002897a 4500
005 20171228154323.0
008 171228b xxu||||| |||| 00| 0 eng d
010 _aB-685464
020 _a9788171198993
_c450.00
035 _aB-685464
037 _bराधाकृष्ण प्रकाशन
040 _adpl
_bhn
082 _a821
100 _aज्ञानेन्द्रपति
_913743
245 _aसंशयात्मा /
_cज्ञानेन्द्रपति
246 _aSanshyatma
_bby Gyanendraparti
260 _aनई दिल्ली
_bराधाकृष्ण प्रकाशन
_c2016
270 _a7/31, अंसारी रोड़, दरियागंज
_bनई दिल्ली
_e110002
_minfo@radhakrishanprakashan.com
300 _a264पृ.
_c22सेमी (सजिल्द)
500 _aसाहित्य अकादमी पुरस्कार से सम्मानित
505 _aराष्ट्रपति भवन
650 _aहिन्दी कथा साहित्य
_9657
650 _aHindi fiction
_913744
700 _a
_913745
942 _2ddc
_cHN
_h821
_mज्ञानेन्द्र
999 _c148541
_d148541